Death in Paradise - Statistics

General Stats
  • This quiz has been taken 61 times
  • The average score is 14 of 20
Answer Stats
Question Answer % Correct
On which fictional island is the series mostly set? Saint Marie
94%
In addition to English, which other language is widely spoken? French
86%
Which other vehicle do they also use? A motorcycle and sidecar
84%
Which vehicle is the team’s main form of transport? A Land Rover Defender
82%
What is the name of Catherine’s daughter, a police officer? Camille Bordey
80%
What police rank is held by characters Charlie Hulme, Richard Poole, Humphrey Goodman, Jack Mooney and Neville Parker? Detective Inspector
80%
The island was most recently a territory of which other country? France
80%
On which real-life Caribbean island is the series filmed? Guadeloupe
80%
Which long-serving police officer is played by Danny John-Jules? Officer Dwayne Myers
78%
Where do they all live during their stays on the island? The Shack
78%
The island is an Overseas Territory of which European country? United Kingdom
78%
The island, and it’s neighbours, lie in which sea? The {Caribbean} Sea
76%
At which bar do the team often meet to celebrate solving a case? Catherine’s Bar
73%
What is the name of the green lizard who also lives there? Harry
69%
What is the capital, where the police station is located? Honoré
67%
What is the name of the island’s commissioner of police? Selwyn Patterson
65%
What is the main currency used by residents on the island? Eastern Caribbean Dollar
59%
In which building is his office? {Government} House
51%
Prior to that, it had been a territory of which other country? The Netherlands
49%
Which north coast harbour town is occasionally mentioned? Port Royal
22%
No matching quizzes found
Score Distribution
Percent of People with Each Score
Percentile by Number Answered
Your Score History
You have not taken this quiz